Black and white tears Černé a bílé slzy /

Hlavní autor: Kopelent, Marek, 1932-2023
Korporativní autor: Pražský rozhlasový orchestr
Další autoři: Galatíková, Věra, 1938-2007, Kopelent, Marek, 1932-2023., Kopelent, Marek, 1932-2023., Kopelent, Marek, 1932-2023., Kopelent, Marek, 1932-2023., Kopelent, Marek, 1932-2023., Kopelent, Marek, 1932-2023., Kopelent, Marek, 1932-2023., Kopelent, Marek, 1932-2023., Kopelent, Marek, 1932-2023., Kopelent, Marek, 1932-2023., Kopelent, Marek, 1932-2023.
Jazyk: Čeština
Vydáno: Prague : Radioservis, p2012
Témata:
Fyzický popis: 2 zvukové desky (140:00) : digital, stereo, mono ; 12 cm
Language note: Recitováno česky (1), zpíváno francouzsky (2), anglicky a německy (6)
Zvukové nahrávky
Uloženo v:
LEADER 03248njm a2200673 a 4500
001 001270565
003 CZ BrMZK
005 20230314133017.0
007 sd fsngnnmmned
008 121212p20121962xr sgnng de cze d
015 |a cnb002413207 
024 3 |a 8590236061927 
028 0 1 |a CR 0619-2  |b Radioservis 
040 |a BOA001  |b cze 
041 0 |d cze  |d fre  |d eng  |d ger  |g cze  |g eng 
043 |a e-xr--- 
045 |a x-y- 
072 7 |a 78  |x Hudba  |2 Konspekt  |9 9 
080 |a 784.3/.7  |2 MRF 
080 |a 785  |2 MRF 
080 |a 785.7  |2 MRF 
080 |a (437.3)  |2 MRF 
080 |a (086.76)  |2 MRF 
100 1 |a Kopelent, Marek,  |d 1932-2023  |7 jn19990010087  |4 cmp 
240 1 0 |a Výběr  |7 aun2012738559 
245 1 0 |a Black and white tears  |h [zvukový záznam] =  |b Černé a bílé slzy /  |c Marek Kopelent 
246 3 1 |a Černé a bílé slzy 
260 |a Prague :  |b Radioservis,  |c p2012 
300 |a 2 zvukové desky (140:00) :  |b digital, stereo, mono ;  |c 12 cm 
306 |a 011523  |a 010437 
500 |a Kompaktní desky (DDD, AAD) 
500 |a Durata: 75:23 ; 64:37 
500 |a Texty písní č. 2 a 6 uvedeny ve vložce pouzdra 
505 0 0 |g CD 1 (vokální hudba).  |t Nářek ženy ;  |t Co zpíval kos zatčenému ;  |t Černé a bílé slzy ;  |t Snehah ;  |t Nénie s flétnou za zemřelou Hanu Hlavsovou ;  |t Agnus Dei --  |g CD 2 (instrumentální hudba).  |t Rozjímání ;  |t Zátiší ;  |t Sonata ;  |t Zastřený hlas nad hladinou klidu ;  |t Few minutes with an oboist 
511 1 |a Věra Galatíková a další ; Pražský rozhlasový orchestr a další orchestry 
518 |a Nahráno v pražských rozhlasových studiích v letech 1962-2011 a ve Dvořákově síni pražského Rudolfina v roce 1968 
546 |a Recitováno česky (1), zpíváno francouzsky (2), anglicky a německy (6) 
648 7 |a 20.-21. století  |7 ch462155  |2 czenas 
650 0 7 |a umělé písně  |7 ph224486  |2 czenas 
650 0 7 |a instrumentální hudba  |7 ph121126  |2 czenas 
650 0 7 |a komorní hudba  |7 ph121752  |z Česko  |y 20.-21. stol.  |2 czenas 
655 7 |a kompaktní desky  |7 fd201991  |2 czenas 
700 1 |a Galatíková, Věra,  |d 1938-2007  |7 jn19981001306  |4 stl 
700 1 2 |a Kopelent, Marek,  |d 1932-2023.  |t Nářek ženy  |7 aun2012738759 
700 1 2 |a Kopelent, Marek,  |d 1932-2023.  |t Chant du merle au détenu  |7 aun2012738819 
700 1 2 |a Kopelent, Marek,  |d 1932-2023.  |t Black and white tears  |7 aun2012738767 
700 1 2 |a Kopelent, Marek,  |d 1932-2023.  |t Snehah  |7 aun2012738763 
700 1 2 |a Kopelent, Marek,  |d 1932-2023.  |t Nénie s flétnou  |7 aun2012738558 
700 1 2 |a Kopelent, Marek,  |d 1932-2023.  |t Agnus Dei  |7 aun2012738557 
700 1 2 |a Kopelent, Marek,  |d 1932-2023.  |t Rozjímání  |7 aun2012738550 
700 1 2 |a Kopelent, Marek,  |d 1932-2023.  |t Zátiší  |7 aun2012738554 
700 1 2 |a Kopelent, Marek,  |d 1932-2023.  |t Sonáty,  |m smyčcové nástroje (11) 
700 1 2 |a Kopelent, Marek,  |d 1932-2023.  |t Zastřený hlas nad hladinou klidu  |7 aun2012738555 
700 1 2 |a Kopelent, Marek,  |d 1932-2023.  |t Few minutes with an oboist  |7 aun2012738262 
710 2 |a Pražský rozhlasový orchestr  |7 ko2003174538 
910 |a BOA001  |b CDR-1297.451 
990 |a AV 
991 |b 201301 
996 6 |b 2610534883  |c CDR-1297.451  |l MZK  |r Sklad / do 24 hodin  |n 1  |p p.v.  |w 001308609  |u 000010  |a 1  |e BOA001  |j MZK50  |s P